Bệnh lý và phẫu thuật hàm mặt : Dùng cho sinh viên răng hàm mặt Tập 2

Nội dụng quyển sách đề cập: Các kiến thức, kỹ năng răng hàm mặt. cập nhật các tiền bộ khoa học kỹ thuật trong nước và trên thế giới nhầm cung cấp cho đọc giả những kiến thức khoa học cơ bản và cập nhật...

Volledige beschrijving

Bewaard in:
Bibliografische gegevens
Hoofdauteur: Lê Văn Sơn (Chủ biên)
Andere auteurs: Trương Mạnh Dũng (Biên soạn), Trần Minh Thịnh (Biên soạn)
Formaat: Boek
Taal:Vietnamese
Gepubliceerd in: H. Giáo dục Việt Nam 2021
Onderwerpen:
Tags: Voeg label toe
Geen labels, Wees de eerste die dit record labelt!
Thư viện lưu trữ: Thư viện Trường Đại học Nam Cần Thơ
LEADER 02082nam a22002777a 4500
001 NCT_135812
008 180414b xxu||||| |||| 00| 0 vie d
999 |c 7013  |d 7013 
020 |c 160000  |a 9786040276230 
082 0 4 |2 23rd ed.  |a 617.6  |b S464/T.2 
100 1 |a Lê Văn Sơn  |e Chủ biên 
245 1 0 |a Bệnh lý và phẫu thuật hàm mặt :  |b Dùng cho sinh viên răng hàm mặt  |n Tập 2  |c Lê Văn Sơn (chủ biên); Trương Mạnh Dũng, Trần Minh Thịnh,...(biên soạn) 
260 |a H.  |b Giáo dục Việt Nam  |c 2021 
300 |a 399 tr.  |b Minh họa  |c 27cm 
500 |a ĐTTS ghi: Trường Đại học Y Hà Nội - Viện đào tạo răng hàm mặt 
520 3 |a Nội dụng quyển sách đề cập: Các kiến thức, kỹ năng răng hàm mặt. cập nhật các tiền bộ khoa học kỹ thuật trong nước và trên thế giới nhầm cung cấp cho đọc giả những kiến thức khoa học cơ bản và cập nhật 
653 |a Y đa khoa 
700 |a Trương Mạnh Dũng   |e Biên soạn 
700 |a Trần Minh Thịnh  |e Biên soạn 
942 |2 ddc  |c BK 
952 |0 0  |1 0  |2 ddc  |4 0  |6 617_600000000000000_S464_T_2  |7 0  |9 24959  |a 000001  |b 000001  |d 2022-06-13  |o 617.6 S464/T.2  |p MD.19724  |r 2022-06-13  |v 160000.00  |w 2022-06-13  |y BK 
952 |0 0  |1 0  |2 ddc  |4 0  |6 617_600000000000000_S464_T_2  |7 0  |9 24960  |a 000001  |b 000001  |d 2022-06-13  |o 617.6 S464/T.2  |p MD.19725  |r 2022-06-13  |v 160000.00  |w 2022-06-13  |y BK 
952 |0 0  |1 0  |2 ddc  |4 0  |6 617_600000000000000_S464_T_2  |7 0  |9 24961  |a 000001  |b 000001  |d 2022-06-13  |o 617.6 S464/T.2  |p MD.19726  |r 2022-06-13  |v 160000.00  |w 2022-06-13  |y BK 
952 |0 0  |1 0  |2 ddc  |4 0  |6 617_600000000000000_S464_T_2  |7 0  |9 24962  |a 000001  |b 000001  |d 2022-06-13  |o 617.6 S464/T.2  |p MD.19727  |r 2022-06-13  |v 160000.00  |w 2022-06-13  |y BK 
952 |0 0  |1 0  |2 ddc  |4 0  |6 617_600000000000000_S464_T_2  |7 0  |9 24963  |a 000001  |b 000001  |d 2022-06-13  |o 617.6 S464/T.2  |p MD.19728  |r 2022-06-13  |v 160000.00  |w 2022-06-13  |y BK 
980 |a Thư viện Trường Đại học Nam Cần Thơ